Histoire du drapeau de l'Italie - Statistiques

Statistiques générales
  • Ce quiz a été pris 168 fois
  • Le résultat moyen est 6 sur 10
Statistiques - réponses
Hint Réponse % Correct
République romaine (-509 - -27) et empire Romain (-27 - 476)
91%
République sociale italienne (1943-1945) et Italie (drapeau actuel depuis 1946)
86%
Deuxième drapeau du royaume d'Italie (1861-1943 et 1945-1946)
82%
Empire Byzantin (550-1025)
79%
Troisième drapeau du saint-empire romain germanique (1433-1802)
64%
Empire carolingien (774-962)
61%
Deuxième drapeau du saint-empire romain germanique (1400-1433)
59%
Premier drapeau du royaume d'Italie (1805-1814)
35%
République italienne (1802-1805)
30%
Premier drapeau du saint-empire romain germanique (962-1400)
14%
Aucun quiz correspondant
Distribution des résultats
% des personnes avec chaque résultat
Percentile par nombre de réponses
Votre historique - résultats
Vous n’avez pas pris ce quiz